000 00405pab a2200157 454500
008 180718b1996 xxu||||| |||| 00| 0 eng d
100 _aChatterjee, Arun Prakas
245 _aUnited Front of leftists with the Congress
260 _c1996
300 _ap.15-16
362 _a29 Jun
650 _aPolitical parties - India
650 _aPolitics and government
773 _aMainstream
909 _a31610
999 _c31610
_d31610